| 000 | 00877nam a2200277Ia 4500 | ||
|---|---|---|---|
| 001 | Z_4234 | ||
| 003 | CHAP | ||
| 008 | 220113s2=00 xx 000 0 und d | ||
| 010 | _a167296 | ||
| 040 | _cCHAP | ||
| 090 | _aTesis D66 1626 | ||
| 100 |
_aDomínguez Viveros, Joel _933918 |
||
| 245 |
_aEvaluación genética para características de crecimiento en ganado bovino tropicarne / _cpor Joel Domínguez Viveros |
||
| 260 |
_aChapingo, Méx. : _bEl autor, _c2002 |
||
| 300 | _a137 h. ; cuadros ; gráfs. | ||
| 502 | _aTesis (Maestro en Ciencias Especialista en Producción Animal) -- UACH. Departamento de Zootecnia | ||
| 650 |
_aGanado de carne _945067 |
||
| 650 |
_aGanado vacuno _xCrecimiento _945450 |
||
| 650 |
_aGanado vacuno _xGenética _945470 |
||
| 901 | _aTESIS D66 1626 | ||
| 902 | _aM | ||
| 910 | _a2=00 | ||
| 942 | _c2 | ||
| 942 | _c2 | ||
| 999 |
_c167296 _d167296 |
||